000 02426nam a22003498i 4500
001 BK0020894476
003 DLC
005 20171207130059.0
008 170829s2018 nyu 000 1 eng
010 _a2017037599
020 _a9780399592881 : HRD
_c28.00
020 _a0399592881 : HRD
_c28.00
_z9780399592898 (ebook)
037 _bRandom House Inc, Attn Order Entry 400 Hahn rd, Westminster, MD, USA, 21157
_nSAN 201-3975
040 _aDLC
_beng
_erda
_cDLC
050 0 0 _aPR6073.I246
_bS87 2018
082 0 0 _a823/.914
_223
092 _a823.9140
100 1 _aKinsella, Sophie,
_eauthor.
245 1 0 _aSurprise me :
_ba novel /
_cSophie Kinsella.
250 _aFirst Edition.
263 _a1802
264 1 _aNew York :
_bThe Dial Press,
_c[2018]
300 _apages cm
336 _atext
337 _aunmediated
338 _avolume
520 _a"After being together for ten years, Sylvie and Dan have all the trimmings of a happy life and marriage; they have a comfortable home, fulfilling jobs, beautiful twin girls, and communicate so seamlessly, they finish each other's sentences. However, a trip to the doctor projects they will live another 68 years together and panic sets in. They never expected "until death do us part" to mean seven decades. In the name of marriage survival, they quickly concoct a plan to keep their relationship fresh and exciting: they will create little surprises for each other so that their (extended) years together will never become boring. But in their pursuit to execute Project Surprise Me, mishaps arise and secrets are uncovered that start to threaten the very foundation of their unshakable bond. When a scandal from the past is revealed that question some important untold truths, they begin to wonder if they ever really knew each other after all. With a colorful, eccentric cast of characters, razor-sharp observations,and her signature wit and charm, Sophie Kinsella crafts a humorous, yet thoughtful portrait of a marriage and shines a light on the danger of not looking past the many layers of the ones you love to discover how infinitely fascinating--and surprising--they truly are"--
_cProvided by publisher.
655 0 _aDomestic fiction.
650 7 _aFICTION / Humorous.
_2bisacsh
650 7 _aFICTION / Contemporary Women.
_2bisacsh
650 7 _aFICTION / Romance / Contemporary.
_2bisacsh
655 7 _aHumorous fiction.
_2gsafd
999 _c228559
_d228559